[Event "Tabor Open"]
[Site "Tabor CZE"]
[Date "2011.08.05"]
[Round "7.13"]
[White "Brom,J"]
[Black "Havranek,Mir"]
[Result "1/2-1/2"]
[WhiteElo "2051"]
[BlackElo "2178"]

1.e4 c5 2.Nf3 Nc6 3.Nc3 e5 4.Bc4 d6 5.d3 Be7 6.Nd2 Nf6 7.Nf1 a6 8.a4 Be6
9.Ne3 Rb8 10.Bd2 Nd4 11.a5 Bxc4 12.Nxc4 O-O 13.O-O Ne8 14.f4 exf4 15.Bxf4 Bg5
16.Nd5 Bxf4 17.Rxf4 Nc7 18.Nf6+ gxf6 19.Qh5 Nce6 20.Rh4 Ng5 21.c3 Nde6 22.Ne3 Ng7
23.Qh6 Re8 24.Rf1 Re6 25.Nf5 Qf8 26.Ng3 Ne8 27.Qh5 Qg7 28.Rg4 Qg6 29.h4 Qxh5
30.Nxh5 h6 31.Nf4 Re5 32.Nd5 Kf8 33.hxg5 fxg5 34.Rg3 Ng7 35.Rgf3 f5 36.Nb6 Rd8
37.Nc4 f4 38.g3 Nh5 39.gxf4 Nxf4 40.Rxf4+ gxf4 41.Rxf4+ Ke7 42.Nxe5 dxe5
43.Rf3 Rd6 44.Kg2 Kd7 45.Kf1 Kc6 46.Ke2 Rg6 47.Rf5 Kd6 48.Kd2 Ke6 49.Kc2 Rg2+
50.Kb3 Rh2 51.Rf8 h5 52.Rb8 Rd2 53.Rxb7 Rxd3 54.Rh7 Re3 55.Rh6+ Kd7 56.Rxa6 Rxe4
57.Rh6 h4 58.Ka3 Kc7 59.b4 Re3 60.bxc5 Rxc3+ 61.Kb4 Rc1 62.Rxh4 Rb1+ 63.Kc4 Ra1
64.Kd5 Rxa5 65.Rh7+ Kc8 66.Kc6 Ra6+ 67.Kb5 Ra1 68.Re7 Ra2 69.Rxe5 Kd7  1/2-1/2

[Event "Politiken Cup"]
[Site "Helsingor DEN"]
[Date "2011.08.06"]
[Round "9.65"]
[White "Nilsson,P1"]
[Black "Poulsen,I"]
[Result "0-1"]
[WhiteElo "2057"]
[BlackElo "2102"]

1.e4 c5 2.Nf3 Nc6 3.Nc3 g6 4.d4 cxd4 5.Nxd4 Bg7 6.Be3 Nf6 7.Bc4 Qa5 8.O-O O-O
9.Bb3 d6 10.Nd5 Qd8 11.f3 Na5 12.c4 Nxd5 13.exd5 b6 14.Re1 Bd7 15.Bg5 Re8
16.Re4 h6 17.Bh4 Rc8 18.Qd3 Nb7 19.Re2 Nc5 20.Qd2 g5 21.Bg3 Nxb3 22.axb3 a5
23.Qd3 Qc7 24.Nf5 Bxf5 25.Qxf5 b5 26.Rae1 Rb8 27.cxb5 Rxb5 28.Rc2 Qb7 29.Rec1 e6
30.Qg4 Qxd5 31.h4 Qd4+ 32.Qxd4 Bxd4+ 33.Kh2 d5 34.Rc7 Bxb2 35.R1c6 Rxb3 36.Rd7 a4
37.f4 Ra8 38.Rcc7 a3 39.fxg5 a2 40.gxh6 Rxg3  0-1

[Event "112th US Open"]
[Site "Orlando USA"]
[Date "2011.08.06"]
[Round "8"]
[White "Becerra Rivero,J"]
[Black "Shvartsman,A"]
[Result "1-0"]
[WhiteElo "2557"]
[BlackElo "2209"]

1.e4 c5 2.Nf3 Nc6 3.Nc3 e6 4.Bb5 Nge7 5.O-O Nd4 6.Nxd4 cxd4 7.Ne2 a6 8.Bd3 Nc6
9.c3 Bc5 10.b4 Bb6 11.cxd4 Nxd4 12.Bb2 Nxe2+ 13.Qxe2 O-O 14.Qh5 f6 15.Kh1 Qe7
16.Bc3 g6 17.Qe2 d6 18.f4 Bd7 19.a4 Qe8 20.Bc4 Rc8 21.Bb3 Kg7 22.Qd3 Qe7
23.Rf3 Rfd8 24.Re1 Be8 25.g4 e5 26.Ref1 Bf7 27.Bxf7 Qxf7 28.g5 Qe6 29.gxf6+ Kf7
30.Rh3 Rh8 31.Rg3 Qc4 32.fxe5 dxe5  1-0

[Event "15th HZ Open"]
[Site "Vlissingen NED"]
[Date "2011.08.06"]
[Round "9"]
[White "Riemens,A"]
[Black "Niewenhuis,R"]
[Result "1/2-1/2"]
[WhiteElo "2140"]
[BlackElo "1923"]

1.e4 c5 2.Ne2 Nc6 3.Nbc3 Nf6 4.g3 d5 5.exd5 Nxd5 6.Bg2 Nc7 7.O-O Bg4 8.h3 Bh5
9.g4 Bg6 10.f4 e6 11.Ng3 f6 12.d3 Nd5 13.f5 Bf7 14.fxe6 Bxe6 15.Qf3 Nxc3
16.bxc3 Qd7 17.Rb1 Rc8 18.c4 b6 19.Nf5 Nd4 20.Qf2 Bxf5 21.gxf5 Qd6 22.Bf4 Qxf4
23.Qxf4 Ne2+  1/2-1/2

[Event "Arad Open A"]
[Site "Arad ROU"]
[Date "2011.08.07"]
[Round "3"]
[White "Smith,Bry"]
[Black "Sgircea,S"]
[Result "1-0"]
[WhiteElo "2503"]
[BlackElo "2224"]

1.e4 c5 2.Nc3 Nc6 3.Bb5 Nd4 4.Bc4 g6 5.Nf3 Bg7 6.Nxd4 cxd4 7.Qf3 Nh6 8.Ne2 O-O
9.d3 d6 10.Bb3 Ng4 11.Qg3 Nf6 12.Nxd4 Nxe4 13.dxe4 Bxd4 14.h4 Qa5+ 15.c3 Bg7
16.Bg5 Re8 17.h5 Qe5 18.Qxe5 Bxe5 19.Ba4 Be6 20.Bxe8 Rxe8 21.Be3 a6 22.Bd4 Bxd4
23.cxd4 d5 24.e5 Rc8 25.Kd2 Rc4 26.Ke3 Rc2 27.b3 Bg4 28.f3 Bd7 29.Rac1 Rxg2
30.Rc7 Bf5 31.h6  1-0

[Event "37th Badalona Open A"]
[Site "Badalona ESP"]
[Date "2011.08.07"]
[Round "7"]
[White "Petrosian,S"]
[Black "Munoz Pantoja,M"]
[Result "1/2-1/2"]
[WhiteElo "2381"]
[BlackElo "2482"]

1.e4 c5 2.Nf3 Nc6 3.Nc3 Nf6 4.Bb5 Qc7 5.O-O Nd4 6.Re1 a6 7.e5 Nxb5 8.exf6 Nxc3
9.fxg7 Bxg7 10.dxc3 d6 11.Qd3 h6 12.Bf4 e5 13.Rad1 Be6 14.Bg3 O-O-O 15.Nh4 c4
16.Qe2 h5 17.h3 Bh6 18.Qe4 Bg5 19.Nf5 h4 20.Nxd6+ Rxd6 21.Bxe5  1/2-1/2

[Event "50th World Juniors"]
[Site "Chennai IND"]
[Date "2011.08.07"]
[Round "6.46"]
[White "Debashish,Du"]
[Black "Gagare,Shar"]
[Result "0-1"]
[WhiteElo "2127"]
[BlackElo "2223"]

1.e4 c5 2.Ne2 Nc6 3.Nbc3 Nf6 4.g3 d5 5.exd5 Nd4 6.Bg2 Bg4 7.O-O Nxd5 8.f3 Bf5
9.d3 Nb4 10.Nxd4 cxd4 11.Nb5 a6 12.Na3 g6 13.Bd2 Nc6 14.Qe2 Bg7 15.Rae1 O-O
16.f4 Be6 17.Nc4 Rc8 18.a4 b5 19.axb5 axb5 20.Na3 Qb6 21.b3 Qc5 22.Bxc6 Rxc6
23.b4 Qd5 24.Qe4 Qd7 25.f5 gxf5 26.Qh4 Ra8 27.Bc1 Rc3 28.Bb2 Raxa3 29.Bxa3 Rxa3
30.Ra1 Rxa1 31.Rxa1 Bd5 32.Qf4 e5 33.Qh4 Bb7 34.Ra7 h6 35.Qh3 Qc6 36.Ra2 Qh1+
37.Kf2 Qf3+ 38.Ke1 Qe3+ 39.Kf1 Bf3 40.Ra1 Qe2+ 41.Kg1 Qxc2 42.Qf1 e4 43.dxe4 fxe4
44.Rc1 Qd2 45.Rc8+ Kh7 46.Qh3 Qe3+ 47.Kf1 Qe2+ 48.Kg1 Qd1+ 49.Qf1 e3 50.Qxd1 Bxd1
51.Rd8 Bc2 52.Rd5 d3 53.Rxb5 e2  0-1

[Event "50th World Juniors"]
[Site "Chennai IND"]
[Date "2011.08.07"]
[Round "6.15"]
[White "Udeshi,A"]
[Black "Martinovic,Sa"]
[Result "0-1"]
[WhiteElo "2378"]
[BlackElo "2521"]

1.e4 c5 2.Nf3 Nc6 3.Nc3 d6 4.d4 cxd4 5.Nxd4 Nf6 6.Bc4 Qb6 7.Nb3 e6 8.Bf4 Ne5
9.Be2 Bd7 10.Qd2 Be7 11.f3 O-O 12.g4 Qc7 13.h4 b5 14.Bxe5 dxe5 15.Nxb5 Qb6
16.a4 Rfd8 17.Bd3 a6 18.a5 Qb7 19.Nc3 Bb4 20.Qe2 Bc6 21.O-O h5 22.g5 Nd7
23.Qf2 Nf8 24.Rfd1 Ng6 25.Bf1 Rf8 26.Qb6 Nxh4 27.Kf2 f6 28.g6 Nxg6 29.Qxb7 Bxb7
30.Rd7 Rf7 31.Rad1 Bc6 32.Rd8+ Rf8 33.R8d6 Bxd6 34.Rxd6 Rfc8 35.Nc5 Bb5 36.Nxa6 Rxa6
37.Rxa6 Bxa6 38.Bxa6 Ra8 39.Bc4 Rxa5 40.Bxe6+ Kf8 41.b4 Ra3 42.Bb3 Nf4 43.b5 Ke7
44.Na4 Kd6 45.b6 Kc6 46.Nb2 Ra1 47.Na4 h4 48.Bd5+ Nxd5 49.exd5+ Kb7 50.Nc5+ Kxb6
51.Ne6 Ra2 52.Nxg7 Rxc2+ 53.Kg1 Kc5 54.Ne8 Kxd5 55.Nxf6+ Kd4 56.Ng4 h3 57.Nh6 Ke3
58.Ng4+ Kxf3 59.Nxe5+ Kg3 60.Nd3 Rd2 61.Ne1 Rd1  0-1

[Event "50th World Juniors"]
[Site "Chennai IND"]
[Date "2011.08.07"]
[Round "6.4"]
[White "Hovhannisyan,R"]
[Black "Stany,G"]
[Result "1-0"]
[WhiteElo "2556"]
[BlackElo "2435"]

1.e4 c5 2.Nf3 Nc6 3.Nc3 Nf6 4.Bb5 g6 5.e5 Ng4 6.Bxc6 dxc6 7.h3 Nh6 8.g4 Bg7
9.d3 O-O 10.Be3 f5 11.exf6 exf6 12.Qd2 Nf7 13.Bxc5 Re8+ 14.Be3 f5 15.gxf5 Bxf5
16.O-O-O c5 17.Rdg1 b5 18.Ng5 Nxg5 19.Bxg5 Qa5 20.Bh6 b4 21.Bxg7 Kxg7 22.Nb1 Qxa2
23.h4 h5 24.Rg5 Qd5 25.Rhg1 Kf7 26.Qf4 Qe5 27.Qf3 Qe6 28.Rxg6 Qxg6 29.Rxg6 Kxg6
30.Qc6+ Kg7 31.Qc7+ Kg6 32.Qc6+ Kg7 33.Qc7+ Kf6 34.b3 Rac8 35.Qf4 Re1+ 36.Kb2 Ke6
37.Nd2 Re2 38.Nc4 Rd8 39.Qh6+ Kd7 40.Qxh5 Rxf2 41.Qf7+ Kc8 42.Qxa7 Rxd3 43.Qxc5+  1-0

[Event "Politiken Cup"]
[Site "Helsingor DEN"]
[Date "2011.08.07"]
[Round "10.112"]
[White "Kyrkjebo,Eirik"]
[Black "Johansson,An"]
[Result "1/2-1/2"]
[WhiteElo "1747"]
[BlackElo "2089"]

1.e4 c5 2.Nc3 Nc6 3.Bb5 Nd4 4.Bc4 e6 5.Nge2 Nf6 6.d3 d6 7.Nxd4 cxd4 8.Ne2 Qb6
9.O-O Be7 10.f4 O-O 11.h3 Qc5 12.a3 b5 13.b4 Qb6 14.Bb3 Nxe4 15.Kh2 Nc3 16.Qe1 Nxe2
17.Qxe2 Bf6 18.Bd2 g6 19.Qg4 Kh8 20.Rae1 Bd7 21.h4 h5 22.Qh3 Kg7 23.Qg3 Qd8
24.Kh3 Kh7 25.f5 exf5 26.Qf4 Bxh4 27.Qh6+ Kg8 28.Qxg6+ Kh8 29.Qh6+  1/2-1/2

[Event "Split Open"]
[Site "Split CRO"]
[Date "2011.08.07"]
[Round "3.7"]
[White "Smirnov,Arte"]
[Black "Bernard,Ja"]
[Result "0-1"]
[WhiteElo "2440"]
[BlackElo "2208"]

1.e4 c5 2.Nc3 Nc6 3.Bb5 Nd4 4.Bc4 e6 5.Nge2 Ne7 6.Nxd4 cxd4 7.Ne2 Nc6 8.O-O Be7
9.d3 O-O 10.a3 a5 11.Ng3 d5 12.Ba2 dxe4 13.Nxe4 Ne5 14.Qh5 Ng6 15.f4 Qc7
16.Bc4 a4 17.Bd2 b5 18.Bxb5 Qxc2 19.Bc4 Ba6 20.Rac1 Qxb2 21.Rb1 Qxa3 22.Bc1 Qxd3
23.Bxd3 Bxd3 24.f5 Bxe4 25.fxg6 hxg6 26.Qb5 Bxb1 27.Qxb1 Rfd8 28.Qb7 Bf6
29.g4 d3 30.g5 Bd4+ 31.Kh1 Ra7 32.Qf3 Bc3 33.Be3 Rad7 34.Qc6 Bd4 35.Bd2 a3
36.Qa4 Ra7 37.Qc4 a2 38.Qxd3 a1=Q 39.Rxa1 Rxa1+ 40.Kg2 Ra2 41.Kf3 Bf6 42.Qb5 Raxd2
43.gxf6 gxf6  0-1

[Event "ch-SLO w 2011"]
[Site "Ljubljana SLO"]
[Date "2011.08.08"]
[Round "3"]
[White "Biti,A"]
[Black "Bucar,N"]
[Result "1/2-1/2"]
[WhiteElo "2074"]
[BlackElo "1978"]

1.e4 c5 2.Nc3 Nc6 3.Bb5 g6 4.Bxc6 dxc6 5.d3 Bg7 6.f4 c4 7.Nf3 cxd3 8.cxd3 Nf6
9.O-O O-O 10.h3 b6 11.Qe2 Qc7 12.Be3 Ba6 13.Rac1 Nh5 14.Qd2 Rfd8 15.Nd5 Qd7
16.Nb4 Bb7 17.Ne5 Bxe5 18.fxe5 c5 19.Nd5 Bxd5 20.exd5 Qxd5 21.Qf2 Qxa2 22.Rc4 Rf8
23.Bh6 Ng7 24.Qh4 Rae8 25.Qg5 Qxb2 26.Rh4 Ne6 27.Qe3 Qb3 28.Bxf8 Nxf8 29.Qf3 Nd7
30.Qe3 Qd5 31.Qh6 Nf8 32.Qe3 Rd8 33.Rhf4 Qxd3 34.Qxd3 Rxd3 35.Rxf7 Rd8 36.Rxe7 a6
37.Rf6 c4 38.Rc7 b5 39.Rxa6 Re8 40.Rc5 Nd7 41.Rxb5 Rxe5 42.Ra8+ Kf7 43.Rb7 Rd5
44.Rc8 Rd4 45.Kf2 Ke6 46.Ke3 Rd3+ 47.Ke2 Rd4 48.Rbc7 Ne5 49.Rxh7 Re4+ 50.Kd2 Rf4
51.Kc2 Kd5 52.Rd8+ Ke6 53.Rd2 Nc6 54.Rb7 Ne5 55.Re2 Kd6 56.Rb6+ Kc5 57.Re6 Nc6
58.Kc3 g5 59.R2e4 Nb4 60.Rxf4 Nd5+ 61.Kc2 gxf4 62.Re4 Ne3+ 63.Kc3 Nxg2 64.Rxc4+ Kd5
65.Ra4 f3 66.Kd2 Ke5 67.h4 Kf5 68.Ra5+ Kg6 69.Rg5+ Kh6 70.Rg4 Kh5  1/2-1/2

[Event "50th World Juniors"]
[Site "Chennai IND"]
[Date "2011.08.09"]
[Round "7.21"]
[White "Kovalev,Vl"]
[Black "Kuchynka,Luk"]
[Result "1-0"]
[WhiteElo "2439"]
[BlackElo "2339"]

1.e4 c5 2.Nf3 Nc6 3.Nc3 e5 4.Bc4 Be7 5.d3 d6 6.Nd2 Nf6 7.Nf1 Bg4 8.f3 Be6
9.Ne3 O-O 10.O-O a6 11.a3 b5 12.Ba2 Ne8 13.Ncd5 Bg5 14.c3 Nc7 15.b4 Ne7 16.Nxc7 Qxc7
17.Bxe6 fxe6 18.Qb3 Bxe3+ 19.Bxe3 c4 20.dxc4 bxc4 21.Qc2 d5 22.Bc5 Rfd8 23.Rad1 Ng6
24.g3 Rd7 25.Rfe1 Rad8 26.Qe2 Qc6 27.h4 h5 28.Qc2 Rf7 29.Kg2 Nf8 30.exd5 Rxd5
31.Rxd5 Qxd5 32.Qe2 Nd7 33.Rd1 Qa8 34.Bd6 Qc6 35.Rd2 Nf6 36.Bxe5 Ng4 37.Rd6 Qb7
38.Rxe6 Qd7 39.Bd4 Rxf3 40.Kxf3  1-0

[Event "50th World Juniors"]
[Site "Chennai IND"]
[Date "2011.08.10"]
[Round "8.29"]
[White "Petenyi,T"]
[Black "Hemant,S2"]
[Result "1/2-1/2"]
[WhiteElo "2398"]
[BlackElo "2247"]

1.e4 c5 2.Nf3 Nc6 3.Nc3 g6 4.Bb5 Bg7 5.Bxc6 dxc6 6.h3 Nh6 7.d3 f6 8.Be3 b6
9.Qd2 Nf7 10.O-O-O e5 11.Nh2 Be6 12.f4 Qe7 13.g4 exf4 14.Bxf4 O-O-O 15.Qg2 Kb7
16.Nf3 Ne5 17.Qg3 Nxf3 18.Qxf3 h5 19.Rhg1 hxg4 20.hxg4 g5 21.Be3 Bc8 22.Ne2 Qe6
23.Kb1 Rh4 24.Ng3 Qxg4 25.Qf2 Qe6 26.Nf5 Rh7 27.Bd2 Bf8 28.Bc3 Rhd7 29.Rde1 c4
30.d4 Rh7 31.Rgf1 Bd6 32.Nxd6+ Rxd6 33.e5 fxe5 34.Rxe5 Qg8 35.Qe3 Re6  1/2-1/2

[Event "29th World Junior Girls"]
[Site "Chennai IND"]
[Date "2011.08.10"]
[Round "8.20"]
[White "Pratyusha,B"]
[Black "Arunima,K"]
[Result "1/2-1/2"]
[WhiteElo "2064"]
[BlackElo "1867"]

1.e4 c5 2.Nc3 Nc6 3.Bb5 Nd4 4.Bc4 g6 5.Nf3 Bg7 6.Nxd4 cxd4 7.Qf3 Nh6 8.Ne2 O-O
9.d3 Qb6 10.Bb3 d6 11.Bg5 Qa5+ 12.Bd2 Qb6 13.h3 Kh8 14.O-O a5 15.a4 f5 16.Nf4 e5
17.Nd5 Qd8 18.exf5 Nxf5 19.Qe4 Bd7 20.c3 Rc8 21.Qe1 Rc5 22.Qb1 Bc6 23.Qa2 b6
24.Bc4 Bd7 25.cxd4 Nxd4 26.Be3 Bxh3 27.b4 Rxc4 28.dxc4 Nf3+ 29.gxf3 Rxf3
30.Qe2 Bg4 31.Qd2  1/2-1/2

[Event "Sakkozo Magyarok World Meeting"]
[Site "Lakitelek HUN"]
[Date "2011.08.10"]
[Round "6.29"]
[White "Adzic,Anna"]
[Black "Lelkes,B"]
[Result "1/2-1/2"]
[WhiteElo "1531"]
[BlackElo "1828"]

1.e4 c5 2.Nf3 Nc6 3.Nc3 a6 4.g3 g6 5.d4 cxd4 6.Nxd4 Bg7 7.Be3 d6 8.Bg2 Bd7
9.O-O Nf6 10.h3 Qc8 11.Kh2 Ne5 12.Nde2 h5 13.Rb1 h4 14.g4 Nfxg4+ 15.hxg4 h3
16.Bh1 Nxg4+ 17.Kg1 h2+ 18.Kg2 Ne5 19.f3 Bh3+ 20.Kf2 Bxf1 21.Qxf1 Qh3 22.Qxh3 Rxh3
23.Bg2 Rh5 24.Nd5 Rc8 25.c3 f5 26.Ng3 Rh7 27.exf5 gxf5 28.Nxf5 Bh8 29.Bd4 Rc6
30.Ndxe7 Rxe7 31.Nxe7 Kxe7 32.f4 Nd3+ 33.Kg3 Bxd4 34.cxd4 Rc7 35.Be4 Nc1
36.Kxh2 Nxa2 37.Kg3 Nb4 38.Kg4 Kf6 39.Rh1 Rg7+ 40.Kf3 b6 41.Rh6+ Ke7 42.Rh7 Rxh7
43.Bxh7 Kf6 44.Kg4 Nd5 45.Kf3 a5 46.Ke4 Nb4 47.b3 b5 48.Bg8 a4 49.bxa4 bxa4
50.f5 a3 51.Bb3 Nc6 52.Kd5 Na5 53.Ba2 Ke7 54.f6+ Kxf6 55.Kxd6 Nb7+ 56.Kd5 Ke7  1/2-1/2

[Event "CECLUB Div2 Gp1"]
[Site "Padron ESP"]
[Date "2011.08.10"]
[Round "1"]
[White "Andres Gonzalez,I"]
[Black "Devesa Raris,V"]
[Result "1-0"]
[WhiteElo "2331"]
[BlackElo "1882"]

1.e4 c5 2.Nc3 Nc6 3.Nf3 d6 4.d4 cxd4 5.Nxd4 e6 6.Be2 Nf6 7.O-O Be7 8.Be3 a6
9.Kh1 Bd7 10.f4 Nxd4 11.Bxd4 Bc6 12.Bd3 b5 13.a3 d5 14.e5 Ne4 15.f5 exf5
16.Rxf5 O-O 17.Qg4 Ng5 18.e6 Nxe6 19.Rh5 g6 20.Bxg6 fxg6 21.Qxe6+ Rf7 22.Qxg6+  1-0

[Event "CECLUB Div2 Gp1"]
[Site "Padron ESP"]
[Date "2011.08.10"]
[Round "1"]
[White "Rodriguez Calvo,M"]
[Black "Alvarez Fernandez,E"]
[Result "1/2-1/2"]
[WhiteElo "2147"]
[BlackElo "2377"]

1.e4 c5 2.Nc3 Nc6 3.Bb5 Nd4 4.Bc4 e6 5.Nf3 Nxf3+ 6.Qxf3 d6 7.Qg3 a6 8.a4 Ne7
9.O-O g6 10.d3 Bg7 11.Bf4 e5 12.Bg5 Be6 13.Nd5 Bxd5 14.Bxe7 Qxe7 15.Bxd5 O-O
16.c3 Kh8 17.Qf3 Rab8 18.a5 f5 19.Qe2 Qg5 20.b4 cxb4 21.cxb4 Bh6 22.Ra2 Rfc8
23.Rc2 Rxc2 24.Qxc2 Qd8 25.d4 fxe4 26.Qxe4 Qc7 27.dxe5 dxe5 28.Rd1 Rd8 29.g3 Bg7
30.Rd3 Bf6 31.Rf3 Kg7 32.h4 h5 33.Rd3 b5 34.axb6 Qxb6 35.Bc4 Rd4 36.Rxd4 exd4
37.Qd5 Kh6 38.Qf7 Bg7 39.Bd3 Qd6 40.Qc4 Bf8 41.Qg8 Bg7 42.Qf7 Qb6 43.f3 Qc6
44.Kg2 Qd6 45.g4 hxg4 46.fxg4 Qc6+ 47.Kf2 Qd6 48.g5+ Kh7 49.Kf1 Qc6 50.Ke2 Qd6
51.Kd1 Qc6 52.Bc4 Qc8 53.Kc2 Qb8 54.Kb3 a5 55.b5 Qd8 56.Ka4 d3 57.h5 d2 58.Qxg6+ Kh8
59.Bb3 d1=Q 60.Bxd1 Qxd1+ 61.Kxa5 Qa1+ 62.Kb6 Qd4+ 63.Kb7 Qd7+ 64.Kb6 Bd4+
65.Ka5 Bc3+ 66.Ka4 Qd1+ 67.Ka3 Qa1+ 68.Kb3 Qb2+ 69.Kc4 Qb4+ 70.Kd3 Qd4+ 71.Ke2  1/2-1/2

[Event "50th World Juniors"]
[Site "Chennai IND"]
[Date "2011.08.11"]
[Round "9.41"]
[White "Thavandiran,S"]
[Black "Navalgund,N"]
[Result "1-0"]
[WhiteElo "2320"]
[BlackElo "2188"]

1.e4 c5 2.Nc3 Nc6 3.Bb5 Nd4 4.Bc4 a6 5.Nf3 b5 6.Bd5 Rb8 7.Nxd4 cxd4 8.Ne2 Nf6
9.Bb3 Nxe4 10.Nxd4 e6 11.O-O Bb7 12.c3 Be7 13.Nf3 O-O 14.d3 Nf6 15.Bf4 d6
16.d4 Bd5 17.Ne1 a5 18.Nd3 Qd7 19.a4 Rfc8 20.axb5 Qxb5 21.Bc2 Ba8 22.Bc1 e5
23.dxe5 dxe5 24.Qe2 Bd6 25.f3 Rc7 26.Re1 e4 27.fxe4 Nxe4 28.Bf4 Qb6+ 29.Be3 Qb5
30.Bd4 Qg5 31.Qe3 Qh4 32.Be5 Bxe5 33.Nxe5 Nd6 34.Rxa5 Rcc8 35.Ra4 Qh5 36.Qg3 g5
37.Nd7 Qh6 38.Nxb8 Rxb8 39.Ra6 Rd8 40.Rd1  1-0

[Event "22nd ch-NATO"]
[Site "Kaunas LTU"]
[Date "2011.08.11"]
[Round "6.32"]
[White "Lustig,M"]
[Black "Bellemare,Regis"]
[Result "1-0"]
[WhiteElo "2019"]
[BlackElo "1736"]

1.e4 c5 2.Ne2 Nc6 3.Nbc3 Nf6 4.g3 d5 5.exd5 Nxd5 6.Bg2 e6 7.O-O b6 8.d4 c4
9.Bf4 Qf6 10.Nxd5 exd5 11.Bxd5  1-0

[Event "9th ch-EU Youth U14"]
[Site "Mureck AUT"]
[Date "2011.08.11"]
[Round "9"]
[White "Cusmuliuc,D"]
[Black "Correia,J"]
[Result "1/2-1/2"]
[WhiteElo "1695"]
[BlackElo "1684"]

1.e4 c5 2.Nf3 Nc6 3.Nc3 d6 4.d4 cxd4 5.Nxd4 Nf6 6.Be3 e6 7.Be2 Be7 8.Qd2 a6
9.O-O-O Qc7 10.f3 Bd7 11.g4 O-O 12.h4 Rfc8 13.h5 Nxd4 14.Bxd4 Bc6 15.g5 Nd7
16.g6 e5 17.Be3 Nf6 18.h6 fxg6 19.hxg7 Kxg7 20.Bh6+ Kf7 21.Bc4+ Ke8 22.Bb3 Qd7
23.Bg5 Rd8 24.Bxf6 Bxf6 25.Nd5 Bxd5 26.Qxd5 Qg7 27.Qe6+ Be7 28.Bd5 Rd7 29.Rd3 Rad8
30.Qg4 Qf6 31.Be6 h5 32.Qh3 Rc7 33.Bd5 Rdc8 34.Bb3 h4  1/2-1/2

[Event "e2e4 Int Masters A"]
[Site "Sunningdale ENG"]
[Date "2011.08.11"]
[Round "3"]
[White "Player,E"]
[Black "Rudd,J"]
[Result "0-1"]
[WhiteElo "2214"]
[BlackElo "2278"]

1.e4 c5 2.Nc3 Nc6 3.Bb5 Nd4 4.Bc4 Nf6 5.Nge2 Qc7 6.d3 a6 7.Nxd4 cxd4 8.Nd5 Nxd5
9.Bxd5 e6 10.Bb3 Bd6 11.Bd2 a5 12.c3 dxc3 13.Bxc3 b5 14.Qh5 a4 15.Bd1 a3
16.Rc1 b4 17.Bd2 axb2 18.Rxc7 b1=Q 19.Rc2 Ba6 20.e5 Be7 21.Qe2 O-O 22.O-O Rac8
23.Rxc8 Rxc8 24.Bb3 Qxd3 25.Qxd3 Bxd3 26.Rd1 Be2 27.Re1 Bb5 28.g3 Rc7 29.Re4 Bc6
30.Rd4 Rb7 31.Rc4 h5 32.h4 g6 33.Be3 Rb5 34.f4 Ra5 35.Bd2 Rd5 36.Bxb4 Bxb4
37.Rxb4 Rd3 38.Kh2 Rd2+ 39.Kh3 Bf3  0-1

[Event "FSGM August"]
[Site "Budapest HUN"]
[Date "2011.08.12"]
[Round "7"]
[White "Simonian,H"]
[Black "Czebe,A"]
[Result "1/2-1/2"]
[WhiteElo "2461"]
[BlackElo "2526"]

1.e4 c5 2.Nc3 Nc6 3.Bb5 Nd4 4.Bc4 e6 5.Nge2 Nf6 6.O-O a6 7.a4 d5 8.exd5 exd5
9.Ba2 Bg4 10.h3 Bh5 11.g4 Nf3+ 12.Kg2 Nh4+ 13.Kh1 Nxg4 14.hxg4 Bxg4 15.Bxd5 Qg5
16.d4 Qh5 17.Ng3 Bxd1 18.Nxh5 Bxh5 19.Bxb7 Bf3+ 20.Bxf3 Nxf3 21.dxc5 Bxc5
22.Kg2 Nd4 23.Be3 Ne6 24.Bxc5 Nxc5 25.b4 Ne6 26.Nd5 Rc8 27.Rfc1 Rc4 28.c3 O-O
29.Ne3 Re4 30.Re1 f5 31.f3 Nf4+ 32.Kg3 Nh5+ 33.Kf2 Re5 34.Nc4 Rxe1 35.Rxe1 Nf4
36.Re7 g5 37.b5 axb5 38.axb5 Nd5 39.Rd7 Nxc3 40.b6 Na4 41.Rc7 Nxb6 42.Nxb6 Rf7
43.Rc6 Kg7 44.Nd5 Ra7 45.Ne3 Ra5 46.Nc4 Rd5 47.Ke3 h5 48.f4 gxf4+ 49.Kxf4 h4
50.Ne3 Ra5 51.Nxf5+ Kg8 52.Rh6 Ra1 53.Nxh4 Kf8 54.Nf5 Kf7 55.Ke5 Ra5+ 56.Ke4 Ra1  1/2-1/2

[Event "50th World Juniors"]
[Site "Chennai IND"]
[Date "2011.08.12"]
[Round "10.23"]
[White "Kuchynka,Luk"]
[Black "Ramnath,B"]
[Result "0-1"]
[WhiteElo "2339"]
[BlackElo "2422"]

1.e4 c5 2.Nc3 Nc6 3.Bb5 Nd4 4.Bc4 e6 5.Nge2 Nf6 6.O-O a6 7.a4 Rb8 8.d3 b5
9.Ba2 b4 10.Nb1 Nc6 11.Bf4 d6 12.Nd2 Be7 13.h3 O-O 14.Be3 d5 15.f4 Na5 16.Ng3 Qc7
17.Qe2 Bb7 18.e5 Nd7 19.Rae1 Rbe8 20.c3 bxc3 21.bxc3 f5 22.exf6 Bxf6 23.d4 cxd4
24.cxd4 Qc2 25.Bb1 Qxa4 26.Qh5 g6 27.Bxg6 hxg6 28.Qxg6+ Bg7 29.Nh5 Re7 30.Nf3 Nf6
31.Ng5 Qe8 32.Nxf6+ Rxf6 33.Qh7+ Kf8 34.Qd3 Qg6 35.Nxe6+ Rexe6 36.Qxg6 Rxg6
37.f5 Rxe3 38.fxg6+ Kg8 39.Rc1 Bxd4 40.Kh1 Re7 41.h4 Be3 42.Rce1 d4 43.h5 Re5  0-1

[Event "6th Ptuj Open"]
[Site "Ptuj SLO"]
[Date "2011.08.12"]
[Round "1"]
[White "Skuhala,Luka"]
[Black "Kelemen,M"]
[Result "1/2-1/2"]
[WhiteElo "1803"]
[BlackElo "2072"]

1.e4 c5 2.Nf3 Nc6 3.Nc3 g6 4.d4 cxd4 5.Nxd4 Bg7 6.Be3 Nf6 7.Bc4 d6 8.Bb3 Ng4
9.O-O Nxe3 10.fxe3 O-O 11.Qd2 Ne5 12.h3 Bd7 13.Nf3 Rc8 14.Rad1 b5 15.a3 Rc5
16.Kh1 a5 17.Nd4 Nc4 18.Bxc4 bxc4 19.Rf2 Be6 20.Rdf1 Qc8 21.Nce2 Bxh3 22.Nf4 Bg4
23.Nd5 Qd8 24.Kg1 Be5 25.Ne2 Kg7 26.Ndf4 Qa8 27.Nd4 Rcc8 28.Nd5 Qb7 29.Qc3 Rc5
30.a4 h5 31.g3 f6 32.Kg2 Qd7 33.Nb6 Qb7 34.Nd5 h4 35.gxh4 Qd7 36.Rh1 e6 37.Nf4 Rh8
38.Qd2 g5 39.hxg5 c3 40.bxc3 Bxd4 41.exd4 Rxg5 42.Rxh8 Kxh8 43.Kf1 Qxa4 44.Rh2+ Kg8
45.Rg2 Qb5+ 46.Kf2 a4 47.Nd3 Qc6 48.Qe1 a3 49.Ke3 f5 50.Nf2 Rg7 51.Kd2 Rc7
52.Qa1 Qa6 53.Nxg4 fxg4 54.Rxg4+ Rg7 55.Rxg7+ Kxg7 56.Qa2 d5 57.exd5 exd5
58.Qxd5 a2 59.Qg2+ Kf6 60.Qf2+ Ke6 61.Qe1+ Kd6 62.Qa1 Qa3 63.Kd3 Kd5 64.Qh1+ Kd6
65.Qa1 Kd5 66.Kd2 Kd6  1/2-1/2

[Event "Botvinnik 100th Open"]
[Site "St Petersburg RUS"]
[Date "2011.08.12"]
[Round "1"]
[White "Elkin,L"]
[Black "Iljin,T"]
[Result "0-1"]
[WhiteElo "2159"]
[BlackElo "2504"]

1.e4 c5 2.Nf3 Nc6 3.Nc3 e5 4.Bc4 Be7 5.d3 Nf6 6.Nd2 d6 7.Nf1 Bg4 8.f3 Be6
9.Ne3 a6 10.a4 Nb4 11.Ned5 Nbxd5 12.Nxd5 Nxd5 13.Bxd5 Bxd5 14.exd5 b5 15.O-O O-O
16.axb5 axb5 17.Rxa8 Qxa8 18.c4 f5 19.f4 bxc4 20.dxc4 e4 21.Qc2 Bf6 22.b3 Bd4+
23.Kh1 Rb8 24.Bd2 e3 25.Bc3 e2 26.Re1 Re8 27.Bxd4 cxd4 28.h3 Re3 29.Qd2 Qa3
30.Rxe2 Qxb3 31.Rxe3 dxe3 32.Qe2 Qb1+ 33.Kh2 Qe4 34.g3 Kf8 35.Kg1 Ke7 36.Kh2 Kd8
37.Kg1 Kc7 38.Qg2 Qd4 39.Qc2 Kb6 40.Kg2 Qd2+  0-1

[Event "e2e4 Int Masters A"]
[Site "Sunningdale ENG"]
[Date "2011.08.12"]
[Round "5"]
[White "Player,E"]
[Black "Homer,S"]
[Result "1-0"]
[WhiteElo "2214"]
[BlackElo "2190"]

1.e4 c5 2.Nc3 Nc6 3.Bb5 Nd4 4.Bc4 e6 5.Nge2 Qc7 6.d3 a6 7.a4 Ne7 8.O-O Nec6
9.f4 b6 10.Kh1 Bb7 11.f5 Bd6 12.Bf4 Ne5 13.Ba2 Nxe2 14.Qxe2 O-O-O 15.Qd2 g5
16.Bxg5 Rde8 17.h3 Rhg8 18.Rf2 Rg7 19.Raf1 Reg8 20.Bh6 Rg3 21.Ne2 Ng4 22.hxg4 R3xg4
23.Bf4 exf5 24.Bxf7 R8g7 25.Bd5 Bxd5 26.exd5 Rh4+ 27.Kg1 Rg5 28.Rf3 Rgh5
29.Kf2 Be5 30.c3 Qd6 31.Bxe5 Qxe5 32.Nf4 Rg5 33.Qe3 Qg7 34.d6 Qg8 35.Re1 Rxf4
36.Rxf4 Rxg2+ 37.Kf1 Qg7 38.Re2 Rg3 39.Rf3 Rg4 40.b3 h5 41.a5 Kb7 42.b4 Qxc3
43.bxc5 b5 44.c6+ Qxc6 45.Qb6+ Qxb6 46.axb6 Kxb6 47.Rxf5 h4 48.Re4 Rg3 49.Ke2 h3
50.Rf2 a5 51.Re3 Rg6 52.Rxh3 Rxd6 53.Kd2 Rd5 54.Rhf3 a4 55.Rf5  1-0

[Event "29th World Junior Girls"]
[Site "Chennai IND"]
[Date "2011.08.13"]
[Round "11.32"]
[White "Guo,E"]
[Black "Hansen,Erl"]
[Result "1-0"]
[WhiteElo "2029"]
[BlackElo "1770"]

1.e4 c5 2.Nc3 Nc6 3.Bb5 Nd4 4.Bc4 e6 5.Nge2 g6 6.Nxd4 cxd4 7.Nb5 Qb6 8.c3 dxc3
9.dxc3 a6 10.Be3 Qc6 11.Qd4 f6 12.Na3 b5 13.Bb3 Bb7 14.Rd1 Rc8 15.Nc2 Bc5
16.Qd3 Bxe3 17.Nxe3 Rd8 18.f3 Nh6 19.Qd2 g5 20.O-O Rg8 21.Bc2 Qc5 22.Kh1 Qe5
23.Rde1 Bc6 24.Nf5 Nf7 25.Re2 Kf8 26.Nd4 Bb7 27.Ref2 Qc7 28.a4 bxa4 29.Bxa4 Qb6
30.Qe3 Ne5 31.h3 Qc7 32.f4 Nc4 33.Qe2 Nd6 34.Bc2 gxf4 35.Rxf4 Ne8 36.Qh5 Rg7
37.R1f2 e5 38.Rxf6+ Nxf6 39.Rxf6+ Kg8 40.Nf5 d6 41.Nxg7 Qxg7 42.Bb3+ d5 43.Qxe5 Kh8
44.Bxd5 Bxd5 45.exd5  1-0

[Event "Metalmex Open"]
[Site "Liberec CZE"]
[Date "2011.08.13"]
[Round "1.19"]
[White "Slazansky,Tibor"]
[Black "Tejkal,J"]
[Result "0-1"]
[WhiteElo "1543"]
[BlackElo "1936"]

1.e4 c5 2.Nf3 Nc6 3.Nc3 d6 4.Be2 Nf6 5.O-O e6 6.d4 cxd4 7.Nxd4 Be7 8.Be3 O-O
9.Bf3 Bd7 10.Qe2 Ne5 11.Rad1 a6 12.a4 Rc8 13.Bc1 Qc7 14.Qe1 Nxf3+ 15.Nxf3 e5
16.Bd2 b5 17.axb5 axb5 18.b4 Qc4 19.Rb1 Bc6 20.Ng5 h6 21.f4 hxg5 22.fxe5 Nxe4
23.exd6 Bxd6 24.Nxe4 Qxe4 25.Qxe4 Bxe4 26.Bxg5 Bxc2  0-1

[Event "Metalmex Open"]
[Site "Liberec CZE"]
[Date "2011.08.13"]
[Round "1.14"]
[White "Konopka,Lukas"]
[Black "Svec,L"]
[Result "1-0"]
[WhiteElo "1986"]
[BlackElo "1708"]

1.e4 c5 2.Nf3 Nc6 3.Nc3 e6 4.g3 Nf6 5.Bg2 d5 6.d3 Bd6 7.O-O d4 8.Nb5 Bb8
9.a4 O-O 10.Na3 Bd7 11.Bg5 e5 12.Nc4 h6 13.Bxf6 Qxf6 14.Nfd2 Qg5 15.Nb3 b6
16.a5 Bc7 17.axb6 axb6 18.Rxa8 Rxa8 19.f4 exf4 20.gxf4 Qh4 21.Qf3 Bg4 22.Qg3 Qxg3
23.hxg3 Ra2 24.Rb1 Ra7 25.Na3 Ra5 26.Nxa5 Nxa5 27.Nb5 Bd8 28.b4 Nc6 29.bxc5 bxc5
30.e5 Nb4 31.Nxd4 cxd4 32.Rxb4 Kf8 33.Rb7 Bd1 34.Bd5 Bxc2 35.Rxf7+ Ke8 36.e6 Bf6
37.Bc6+ Kd8 38.Rd7+  1-0